Fundamentals of biochemistry (Record no. 240975)
[ view plain ]
| 000 -LEADER | |
|---|---|
| fixed length control field | 01038nam a22002777a 4500 |
| 003 - CONTROL NUMBER IDENTIFIER | |
| control field | St Aloysius Coll |
| 005 - DATE AND TIME OF LATEST TRANSACTION | |
| control field | 20260228154246.0 |
| 008 - FIXED-LENGTH DATA ELEMENTS--GENERAL INFORMATION | |
| fixed length control field | 260228b |||||||| |||| 00| 0 eng d |
| 020 ## - INTERNATIONAL STANDARD BOOK NUMBER | |
| International Standard Book Number | 9789370609983 |
| 040 ## - CATALOGING SOURCE | |
| Transcribing agency | AL |
| 041 ## - LANGUAGE CODE | |
| Language code of text/sound track or separate title | English |
| 082 ## - DEWEY DECIMAL CLASSIFICATION NUMBER | |
| Classification number | 574.192 |
| Item number | VOEF |
| 100 ## - MAIN ENTRY--PERSONAL NAME | |
| Personal name | Donald Voet |
| 9 (RLIN) | 257193 |
| 245 ## - TITLE STATEMENT | |
| Title | Fundamentals of biochemistry |
| 250 ## - EDITION STATEMENT | |
| Edition statement | 6 |
| 260 ## - PUBLICATION, DISTRIBUTION, ETC. | |
| Place of publication, distribution, etc. | New Delhi |
| Name of publisher, distributor, etc. | Wiley |
| Date of publication, distribution, etc. | 2026 |
| 300 ## - PHYSICAL DESCRIPTION | |
| Extent | xxiv, 1014p. |
| Other physical details | HB |
| Dimensions | 28x22cm |
| 365 ## - TRADE PRICE | |
| Source of price type code | General |
| Price type code | 6272 |
| Price amount | ₹4676.00 |
| Currency code | ₹ |
| Unit of pricing | ₹5995.00 |
| Price note | 22% |
| 520 ## - SUMMARY, ETC. | |
| Summary, etc. | Life cells and thermodynamics; Physical and chemical properties of water; Amino acids the building blocks of proteins; Proteins structure and folding; Carbohydrates Nucleotides nucleic acids and genetic information Lipids bilayers and membranes; Passive and active transport |
| 650 ## - SUBJECT ADDED ENTRY--TOPICAL TERM | |
| Source of heading or term | Biology |
| Topical term or geographic name entry element | Biochemistry |
| 9 (RLIN) | 257194 |
| 700 ## - ADDED ENTRY--PERSONAL NAME | |
| Personal name | Voet, Judith |
| 9 (RLIN) | 257195 |
| 700 ## - ADDED ENTRY--PERSONAL NAME | |
| Personal name | Pratt, Charlotte W |
| 9 (RLIN) | 257196 |
| 700 ## - ADDED ENTRY--PERSONAL NAME | |
| Personal name | Heilman, Destin |
| 9 (RLIN) | 257197 |
| 700 ## - ADDED ENTRY--PERSONAL NAME | |
| Personal name | Woski, Stephen |
| 9 (RLIN) | 257198 |
| 942 ## - ADDED ENTRY ELEMENTS (KOHA) | |
| Source of classification or shelving scheme | Dewey Decimal Classification |
| Koha item type | Book |
| Withdrawn status | Lost status | Source of classification or shelving scheme | Damaged status | Not for loan | Collection code | Home library | Current library | Date acquired | Source of acquisition | Cost, normal purchase price | Total Checkouts | Full call number | Barcode | Date last seen | Cost, replacement price | Price effective from | Koha item type |
|---|---|---|---|---|---|---|---|---|---|---|---|---|---|---|---|---|---|
| Dewey Decimal Classification | Bio Chemistry | St Aloysius PG Library | St Aloysius PG Library | 02/27/2026 | Biblios Book Point | 4676.00 | 574.192 VOEF | PG025224 | 02/28/2026 | 5995.00 | Book |